| 000 | 00434nam a2200133 a 4500 | ||
|---|---|---|---|
| 001 | 4148 | ||
| 003 | CDMR | ||
| 005 | 20130411163718.0 | ||
| 008 | 130130s2007||||||||||||||||||||||||||||d | ||
| 040 |
_aCDMR _bcat _cCDMR |
||
| 245 | 0 |
_aBarcelona fotografiada _b: guia dels fons i les col.leccions de l'arxiu fotogrà fic de l'arxiu històric de la ciutat de Barcelona |
|
| 260 |
_aBarcelona _c2007 _bArxiu Municipal de Barcelona |
||
| 942 |
_cMON _2udc |
||
| 999 |
_c4148 _d4148 |
||